Samoa-visa - Statistics

Yleistilastot
  • Tätä visaa on pelattu 222 kertaa
  • Keskiarvotulos 11 / 20
Vastaustilastot
Vihje Vastaus % Oikein
Viralliset kielet Englanti
99%
Viralliset kielet Samoa
88%
Valtio, joka hallitsee yhä Samoan saariston itäosia Yhdysvallat
86%
Samoan virallinen uskonto Kristinusko
78%
Valtio, joka hallitsi Samoaa 1900–1914 Saksa
78%
Samoan nimi vuoteen 1997 asti {Länsi}-Samoa
70%
Pääkaupunki Apia
67%
Oseanian osa-alue, johon Samoa kuuluu Polynesia
66%
Suosituin urheilulaji Rugby Union
66%
Valtio, josta Samoa itsenäistyi 1962 Uusi-Seelanti
65%
Perinteisissä samoalaisissa taloissa ei ole näitä Seiniä
61%
Tähtikuvio Samoan lipussa Etelän risti
58%
Monilla samoalaisilla on perinteisesti tällaisia asioita, jotka tunnetaan nimillä "pe'a" (miehillä) ja "mula" (naisilla) Tatuointeja
39%
Samoalla asunut skotlantilainen kirjailija, joka kirjoitti "Aarresaaren" Robert Louis Stevenson
26%
Valuutta Tala
24%
Samoan pääsaaret Savai'i
18%
Juures, joka oli Samoan tärkein vientituote ennen vuotta 1994, jolloin kasvitauti levisi saarella Taaro
18%
Samoan pääsaaret Upolu
18%
Käsite, joka viittaa perinteiseen samoalaisen elämätapaan {Faʻa} Sāmoa
14%
Hollantilainen löytöretkeilijä, joka on ensimmäinen todistetusti Samoalla käynyt eurooppalainen Jakob Roggeveen
12%
Ehtoja vastaavia visoja ei löytynyt
Tulosjakauma
Jokaisen tuloksen saaneiden osuus
Persentiili vastausten määrän mukaan
Tuloshistoriasi
Et ole pelannut tätä visaa